| 000 | 00347nam a2200145Ia 4500 | ||
|---|---|---|---|
| 008 | 150201s2007 xx 000 0 und d | ||
| 082 |
_a617.3 _bO07H |
||
| 100 | _aHAMBLEN,DAVID L | ||
| 245 | _aADAM OUTLINE OF FRACTURES | ||
| 250 | _a12TH | ||
| 260 |
_bJAYPEE BROTHERS _aDELHI _c2007 |
||
| 300 | _a1-328 | ||
| 650 | _aORTHOPAEDICS | ||
| 942 |
_2ddc _cBK |
||
| 999 |
_c485 _d485 |
||